มุมมองปกติ
มุมมองแบบ MARC
- Investments, Foreign
รายการ Topical Term
001 - CONTROL NUMBER
- control field: 19706
003 - CONTROL NUMBER IDENTIFIER
- control field: NALT
005 - DATE AND TIME OF LATEST TRANSACTION
- control field: 20171103151206.0
008 - FIXED-LENGTH DATA ELEMENTS
- fixed length control field: 171103|| aca||babn | a|a d
040 ## - CATALOGING SOURCE
- Original cataloging agency: NALT
150 ## - HEADING--TOPICAL TERM
- Topical term or geographic name entry element: Investments, Foreign
- General subdivision: Law and legislation
- Geographic subdivision: Laos
